Lai tạo và tuyển chọn dòng đậu nành (Glycine max L.) mang tính thơm từ 9 tổ hợp lai (Luận văn Thạc sĩ Khoa học Nông nghiệp. Chuyên ngành Khoa học cây trồng)

Đề tài nghiên cứu Lai tạo và tuyển chọn dòng đậu nành (Glycine max L.) mang tính thơm từ 9 tổ hợp lai

Αποθηκεύτηκε σε:
Λεπτομέρειες βιβλιογραφικής εγγραφής
Κύριος συγγραφέας: Nguyễn, Trường Quân
Μορφή: Βιβλίο
Γλώσσα:Undetermined
Έκδοση: Cần Thơ Trường Đại học Cần Thơ 2014
Θέματα:
Ετικέτες: Προσθήκη ετικέτας
Δεν υπάρχουν, Καταχωρήστε ετικέτα πρώτοι!
Thư viện lưu trữ: Trung tâm Học liệu Trường Đại học Cần Thơ
LEADER 01000nam a2200217Ia 4500
001 CTU_196093
008 210402s9999 xx 000 0 und d
082 |a 633.34 
082 |b Qu121 
088 |a 606201 
100 |a Nguyễn, Trường Quân 
245 0 |a Lai tạo và tuyển chọn dòng đậu nành (Glycine max L.) mang tính thơm từ 9 tổ hợp lai 
245 0 |b (Luận văn Thạc sĩ Khoa học Nông nghiệp. Chuyên ngành Khoa học cây trồng) 
245 0 |c Nguyễn Trường Quân; Nguyễn Lộc Hiền ( Hướng dẫn Khoa học) 
260 |a Cần Thơ 
260 |b Trường Đại học Cần Thơ 
260 |c 2014 
520 |a Đề tài nghiên cứu Lai tạo và tuyển chọn dòng đậu nành (Glycine max L.) mang tính thơm từ 9 tổ hợp lai 
650 |a Legumes,Rau đậu 
910 |a Nguyên 
980 |a Trung tâm Học liệu Trường Đại học Cần Thơ